[Event "HUN-chT3 9900"]
[Site "Hungary"]
[Date "2000.03.05"]
[Round "9"]
[White "Revesz, Bela"]
[Black "Sari, Tibor"]
[Result "0-1"]
[WhiteElo "2057"]
[BlackElo "2218"]
[PlyCount "74"]
[EventDate "1999.09.26"]
[EventType "team-tourn"]
[EventRounds "11"]
[EventCountry "HUN"]
[SourceTitle "EXT 2002"]
[Source "ChessBase"]
[SourceDate "2001.11.25"]
[SourceVersion "1"]
[SourceVersionDate "2001.11.25"]
[SourceQuality "1"]

1. e4 c5 2. Nf3 d6 3. d4 cxd4 4. Nxd4 Nf6 5. Nc3 a6 6. Bc4 e6 7. Bb3 Nc6 8. Bg5 Be7 9. Qd2 Qc7 10. 0-0-0 Bd7 11. f4 0-0-0 12. Kb1 Kb8 13. Rhe1 Nxd4 14. Qxd4 Bc6 15. Qg1 h6 16. Bh4 Nxe4 17. Nxe4 Bxh4 18. g3 Be7 19. Qe3 d5 20. Nf2 Rhe8 21. Nd3 Bd6 22. Qf2 Bb5 23. f5 Bc4 24. f6 g5 25. Qg2 e5 26. Qh3 e4 27. Bxc4 Qxc4 28. Nc1 Bf8 29. Qf5 Re6 30. Nb3 Rdd6 31. Nd4 Rxf6 32. Qe5 Rf2 33. Re3 Rf1 34. Kc1 Rxd1+ 35. Kxd1 Ka7 36. Rc3 f6 37. Qe8 Qxd4+ 0-1